Pedanías de Murcia - Estadísticas

Estadísticas generales
  • Esta prueba ha sido intentada 581 veces
  • La puntuación promedio es 28 de 55
Estadísticas de respuestas
Respuesta % Correcto
El Palmar
77%
Puente Tocinos
73%
Beniaján
72%
Churra
68%
La Alberca
68%
Algezares
66%
Sangonera la Seca
66%
Sangonera la Verde
66%
Garres y Lages
63%
Guadalupe
63%
Cabezo de Torres
61%
Javalí Nuevo
61%
Javalí Viejo
61%
Monteagudo
61%
La Ñora
60%
Santo Ángel
60%
Alquerías
59%
Llano de Brujas
59%
El Raal
57%
Los Dolores
53%
Zeneta
53%
Corvera
52%
Nonduermas
52%
Torreagüera
52%
Zarandona
52%
El Esparragal
51%
San Ginés
51%
Aljucer
50%
Casillas
49%
San Benito - Patiño
49%
La Albatalía
48%
Los Ramos
47%
El Puntal
46%
Sucina
46%
Cobatillas
43%
La Raya
42%
Rincón de Beniscornia
42%
Era Alta
41%
Rincón de Seca
41%
Santiago y Zaraíche
41%
Baños y Mendigo
40%
La Arboleja
40%
San José de la Vega
40%
Santa Cruz
40%
Gea y Truyols
39%
Lobosillo
39%
Valladolises y Lo Jurado
39%
Los Martínez del Puerto
37%
Puebla de Soto
37%
San Benito - Barrio del Progreso
36%
Carrascoy - La Murta
34%
Jerónimo y Avileses
34%
Barqueros
33%
Cañada Hermosa
29%
Cañadas de San Pedro
27%
No se encontraron pruebas coincidentes
Distribución de puntuación
Porcentaje de gente con cada puntuación
Porcentaje por número respondido
Historial de tus puntuaciones
No has intentado esta prueba.